| 000 | 00885nam a22001937a 4500 | ||
|---|---|---|---|
| 999 |
_c61215 _d61215 |
||
| 005 | 20240108164805.0 | ||
| 008 | 240108s1993 ru ||||| |||| 00| 0 rus d | ||
| 041 | _arus | ||
| 080 | _a333.7(73) Д-64 | ||
| 100 |
_aДолан, Э. Д. _920962 |
||
| 245 |
_aДеньги, банковское дело и денежно-кредитная политика / _cЭ. Д. Долан; Колин Д. Кэмпбелл, Розмари Дж. Кэмпбелл. |
||
| 264 |
_aМосква : _bПрофико, _c1993. |
||
| 300 |
_a446 с.; _b27 см. |
||
| 653 | _aფული, საბანკო და მონეტარული პოლიტიკა | ||
| 653 | _aეკონომიკა | ||
| 700 |
_aКэмпбелл, Колин Д. _eავტორი _920963 |
||
| 700 |
_aКэмпбелл, Розмари Дж. _eავტორი _920964 |
||
| 942 |
_2udc _cᲬᲘᲒᲜᲘ |
||